Документы и материалы по истории Мордовской АССР / (Record no. 433235)
[ view plain ]
| 000 -LEADER | |
|---|---|
| fixed length control field | 01862nam a2200289 u 4500 |
| 003 - CONTROL NUMBER IDENTIFIER | |
| control field | AM-YeHGA |
| 040 ## - CATALOGING SOURCE | |
| Original cataloging agency | AM-YeHGA |
| 090 ## - LOCALLY ASSIGNED LC-TYPE CALL NUMBER (OCLC); LOCAL CALL NUMBER (RLIN) | |
| -- | 435840 |
| 005 - DATE AND TIME OF LATEST TRANSACTION | |
| control field | 20250617155503.0 |
| 008 - FIXED-LENGTH DATA ELEMENTS--GENERAL INFORMATION | |
| fixed length control field | 130313s1939 ||||||||||||||||||||rus|c |
| 041 0# - LANGUAGE CODE | |
| Language code of text/sound track or separate title | rus |
| 110 2# - MAIN ENTRY--CORPORATE NAME | |
| Corporate name or jurisdiction name as entry element | Мордовский научно-исследовательский ин-т языка, литературы и истории |
| 245 10 - TITLE STATEMENT | |
| Title | Документы и материалы по истории Мордовской АССР / |
| Statement of responsibility, etc. | Отв. ред. Б.Д. Греков, В.И. Лебедев ; Мордовский НИИ. |
| 260 ## - PUBLICATION, DISTRIBUTION, ETC. | |
| Place of publication, distribution, etc. | Саранск : |
| Name of publisher, distributor, etc. | Мордовское гос. изд-во, |
| Date of publication, distribution, etc. | 1939. |
| 300 ## - PHYSICAL DESCRIPTION | |
| Extent | Т. ; |
| Dimensions | 22 см. |
| 504 ## - BIBLIOGRAPHY, ETC. NOTE | |
| Bibliography, etc. note | Библиогр. в подстр. примеч. |
| 505 00 - FORMATTED CONTENTS NOTE | |
| Miscellaneous information | Т. 1(1940, 433 с.) |
| -- | Т. 2(1940, 351 с.) |
| -- | Т. 3. Ч.1(1939, 343 с.) |
| 505 00 - FORMATTED CONTENTS NOTE | |
| Miscellaneous information | Т. 1. Ч.2 (1950 [обл. 1951], 580 с.) : |
| Title | Социально-экономические отношения в Казанском крае, Саранском и Темниковском уездах в XVIII в. / |
| Statement of responsibility | Под ред. чл.-кор. АН СССР проф. А. И. Яковлева |
| 505 00 - FORMATTED CONTENTS NOTE | |
| Miscellaneous information | Т. 3. Ч.2 (1952 [обл. 1953], 654 с.) |
| Title | [90-е годы XVII в. - конец XVIII в.] / |
| Statement of responsibility | [Сост. А. Захаркина и др] ; Под ред. чл.-кор. АН СССР лауреат Сталинской премии проф. А. И. Яковлева |
| 505 00 - FORMATTED CONTENTS NOTE | |
| Miscellaneous information | Т. 4. Ч.1 (1948, 440 с.) / |
| Statement of responsibility | Под ред. чл.-кор. АН СССР проф. А. И. Яковлева |
| 650 14 - SUBJECT ADDED ENTRY--TOPICAL TERM | |
| Topical term or geographic name entry element | История |
| Geographic subdivision | Мордовская АССР |
| 700 1# - ADDED ENTRY--PERSONAL NAME | |
| Personal name | Греков, Б.Д. |
| Relator term | ред. |
| Relationship | edt |
| 700 1# - ADDED ENTRY--PERSONAL NAME | |
| Personal name | Лебедев, В.И. |
| Relator term | ред. |
| Relationship | edt |
| 700 1# - ADDED ENTRY--PERSONAL NAME | |
| Personal name | Захаркина, А. |
| Relator term | сост. |
| Relationship | com |
| 700 1# - ADDED ENTRY--PERSONAL NAME | |
| Personal name | Яковлев, А. И. |
| Relator term | ред. |
| Relationship | com |
| 942 ## - ADDED ENTRY ELEMENTS (KOHA) | |
| Source of classification or shelving scheme | Universal Decimal Classification |
| Koha item type | Գրքեր / Books |
| Withdrawn status | Lost status | Damaged status | Not for loan | Collection | Home library | Current library | Date acquired | Serial enumeration / chronology | Total checkouts | Full call number | Barcode | Date last seen | Price effective from | Koha item type | Public note |
|---|---|---|---|---|---|---|---|---|---|---|---|---|---|---|---|
| General | Fundamental Scientific Library | Fundamental Scientific Library | 07/06/2019 | Т. 3, ч.2 | РД II/61740 | FL0582897 | 07/06/2019 | 07/06/2019 | Գրքեր / Books | 30 Days Loan | |||||
| General | Fundamental Scientific Library | Fundamental Scientific Library | 07/06/2019 | Т. 1, ч.2 | РД II/61741 | FL0582898 | 07/06/2019 | 07/06/2019 | Գրքեր / Books | 30 Days Loan | |||||
| General | Fundamental Scientific Library | Fundamental Scientific Library | 07/06/2019 | Т. 2 | РД II/61742 | FL0582899 | 07/06/2019 | 07/06/2019 | Գրքեր / Books | 30 Days Loan | |||||
| General | Fundamental Scientific Library | Fundamental Scientific Library | 07/06/2019 | Т. 3, ч. 1 | РД II/61743 | FL0582900 | 07/06/2019 | 07/06/2019 | Գրքեր / Books | 30 Days Loan |
ՀՀ Գիտությունների ազգային ակադեմիայի հիմնարար գիտական գրադարան = Fundamental Scientific Library of NAS RA
All site content, except where otherwise noted, is licensed under a